| 000 | 00987amm a2200313a 44500 | ||
|---|---|---|---|
| 008 | 201118s2020 cat | ||
| 041 | _acat | ||
| 041 | _blat | ||
| 041 | _bspa | ||
| 110 |
_aParlament de Catalunya. Departament d'Assessorament Lingüístic _974960 |
||
| 245 |
_aDiccionari de locucions i expressions llatines de l'àmbit parlamentari _h[en línia] _cParlament de Catalunya. Departament d'Assessorament Lingüístic |
||
| 260 |
_aBarcelona _bTERMCAT, Centre de Terminologia _c2020 |
||
| 500 | _aBibliografia | ||
| 500 | _aNotes | ||
| 500 | _btermcat | ||
| 520 | _a213 | ||
| 546 | _acatalà | ||
| 592 | _aObra terminològica | ||
| 593 | _aMR | ||
| 593 | _aSXL | ||
| 650 |
_adret parlamentari _974961 |
||
| 650 |
_allatí _962037 |
||
| 650 |
_allatinismes _967533 |
||
| 856 | _uhttps://www.termcat.cat/ca/diccionaris-en-linia/274 | ||
| 901 | _ccop. <2020> | ||
| 902 | _a201118 | ||
| 942 |
_cMO _n0 _2ddc |
||
| 999 |
_c67727 _d67727 |
||